[Event "XV Coppa"]
[Site "Sinnai ITA"]
[Date "2012.11.17"]
[Round "1"]
[White "Arrigo, Andrea"]
[Black "Palmieri, Roberto"]
[WhiteElo "1546"]
[BlackElo "1865"]
[Result "1-0"]
[PlyCount "75"]
[EventDate "2012.11.17"]

1. Nf3 d5 2. d4 Bf5 3. c4 c6 4. Nc3 Nf6 5. Bg5 Nbd7 6. e3 h6 7. Bh4 e6 8. cxd5
exd5 9. Qb3 Qc7 10. Rc1 Bd6 11. Be2 O-O 12. O-O a6 13. Bxf6 Nxf6 14. Bd1 Rfe8
15. h3 Qe7 16. Bc2 Ne4 17. Nxe4 dxe4 18. Nd2 Qg5 19. f4 Qg3 20. Kh1 Re6 21. Rg1
Rae8 22. Qxb7 g5 23. Nf1 Qh4 24. Bb3 Rf6 25. Qxc6 Rc8 26. Qxc8+ Bxc8 27. Rxc8+
Kg7 28. Nd2 gxf4 29. Nxe4 Rg6 30. Nxd6 Rxd6 31. Rc7 fxe3 32. Rxf7+ Kg6 33. Rgf1
Qe4 34. R7f4 Qd3 35. Rg4+ Kh7 36. Rf7+ Kh8 37. Rf8+ Kh7 38. Bg8+ 1-0

[Event "XV Coppa"]
[Site "Sinnai ITA"]
[Date "2012.11.17"]
[Round "1"]
[White "Carucci, Bruno"]
[Black "Altea, Alessandro"]
[WhiteElo "1520"]
[BlackElo "1832"]
[Result "0-1"]
[PlyCount "66"]
[EventDate "2012.11.17"]

1. e4 c5 2. Nf3 e6 3. d4 cxd4 4. Nxd4 a6 5. Be3 Nf6 6. Nc3 Qc7 7. Bd3 Bb4 8.
Bd2 O-O 9. O-O Nc6 10. Nf3 Be7 11. Re1 d6 12. Bf4 Nd7 13. Bg5 Nde5 14. Nxe5
Bxg5 15. Nxc6 Qxc6 16. e5 dxe5 17. Bxh7+ Kxh7 18. Qh5+ Bh6 19. Ne4 b5 20. Re3
Bb7 21. Ng5+ Kg8 22. Rg3 Qxc2 23. Ne4 Bxe4 24. Qxh6 Bg6 25. Qh4 Rfd8 26. Qg4
Rac8 27. h4 Qf5 28. Qb4 Rd4 29. Qe7 Rg4 30. Rd3 Qxd3 31. h5 Bxh5 32. Qb7 Rd8
33. Re1 Qd5 0-1

[Event "XV Coppa"]
[Site "Sinnai ITA"]
[Date "2012.11.17"]
[Round "1"]
[White "Corona, Rafaele"]
[Black "Pitzanti, Aldo"]
[WhiteElo "1647"]
[BlackElo "1302"]
[Result "1-0"]
[PlyCount "47"]
[EventDate "2012.11.17"]

1. e4 c5 2. c3 Nc6 3. d4 cxd4 4. cxd4 e6 5. Nc3 Bb4 6. d5 exd5 7. exd5 Ne5 8.
Be2 Nf6 9. Qd4 Bxc3+ 10. bxc3 d6 11. Nf3 Nxf3+ 12. Bxf3 O-O 13. O-O h6 14. Re1
Bd7 15. Bf4 Bf5 16. c4 b6 17. h3 Qd7 18. Bxh6 Kh8 19. Qh4 Bh7 20. Bg5 Ng8 21.
Bg4 f5 22. Bh5 Nh6 23. Re7 Qc8 24. Bxh6 1-0

[Event "XV Coppa"]
[Site "Sinnai ITA"]
[Date "2012.11.17"]
[Round "1"]
[White "Depau, Alessandro"]
[Black "Cuccu, Giovanni"]
[WhiteElo "1686"]
[BlackElo "1428"]
[Result "1-0"]
[PlyCount "147"]
[EventDate "2012.11.17"]

1. d4 d5 2. e3 Nf6 3. Bd3 Nc6 4. c3 e5 5. Ne2 e4 6. Bb5 Bd7 7. Nf4 a6 8. Ba4
Bd6 9. O-O O-O 10. Bb3 Ne7 11. Nd2 c5 12. dxc5 Bxc5 13. a3 Bg4 14. Qe1 Nc6 15.
Ba2 Ne5 16. Nb3 Qd6 17. Nxc5 Qxc5 18. b4 Qb5 19. h3 Bf5 20. Qd1 Rfd8 21. a4 Qc6
22. Qd4 Qd6 23. Rd1 Be6 24. Nxe6 Qxe6 25. Bb2 Nc6 26. Qd2 Qd6 27. Qc2 Rac8 28.
Ba3 a5 29. Qb2 axb4 30. cxb4 Ra8 31. b5 Qe5 32. bxc6 Qxb2 33. Bxb2 bxc6 34.
Rdc1 Rd6 35. Ba3 Re6 36. Bb3 Ra6 37. Bc5 Re8 38. a5 Rb8 39. Bb6 Nd7 40. Bd1
Nxb6 41. axb6 Raxb6 42. Ba4 Ra8 43. Bxc6 Rxa1 44. Rxa1 Rb8 45. Bxd5 Re8 46.
Bxe4 g6 47. Bd5 Rd8 48. e4 Kg7 49. Ra7 Rf8 50. f4 h5 51. Kf2 Kg8 52. Kf3 Kg7
53. e5 Kg8 54. Ke4 Kg7 55. f5 gxf5+ 56. Kxf5 Kg8 57. Kf6 Kh8 58. Rxf7 Kg8 59.
Rxf8+ Kxf8 60. e6 Ke8 61. e7 Kd7 62. Bc6+ Kxc6 63. e8=Q+ Kd5 64. Qe5+ Kc4 65.
Qd6 Kc3 66. Qd5 Kb4 67. Qc6 Kb3 68. Qc5 Kb2 69. Qc4 Ka3 70. Qb5 Ka2 71. Ke5 Ka3
72. Kd4 Ka2 73. Kc3 Ka1 74. Qb2# 1-0

[Event "XV Coppa"]
[Site "Sinnai ITA"]
[Date "2012.11.17"]
[Round "1"]
[White "Lobina, Giulio"]
[Black "Pannella, Luigi"]
[WhiteElo "1823"]
[BlackElo "1487"]
[Result "1-0"]
[PlyCount "101"]
[EventDate "2012.11.17"]

1. b4 e6 2. Bb2 Nf6 3. b5 c6 4. a4 a6 5. c4 axb5 6. axb5 Rxa1 7. Bxa1 cxb5 8.
cxb5 Qa5 9. Bxf6 gxf6 10. Qc1 Qd8 11. e4 b6 12. g3 Bb7 13. Bg2 Bc5 14. Ne2 d5
15. Nbc3 dxe4 16. Nxe4 f5 17. Nf6+ Qxf6 18. Bxb7 Nd7 19. O-O Rg8 20. d4 Bd6 21.
Qc8+ Qd8 22. Rc1 Ke7 23. Qxd8+ Rxd8 24. Bg2 e5 25. dxe5 Nxe5 26. Nf4 Bc5 27.
Re1 Kf6 28. Nd5+ Ke6 29. Nf4+ Kd6 30. Bh3 Nf3+ 31. Kf1 Nxe1 32. Kxe1 Re8+ 33.
Kf1 Re5 34. Bg2 Bb4 35. Bc6 Bd2 36. Nd3 Re7 37. f4 Re6 38. Ne5 Ke7 39. Nc4 Be3
40. Bd5 Bc5 41. Bxe6 Kxe6 42. Ke2 Kd5 43. Ne5 f6 44. Nd7 Ke6 45. Nxc5+ bxc5 46.
Kd3 Kd5 47. Kc3 c4 48. b6 Kc6 49. Kxc4 Kxb6 50. Kd5 Kc7 51. Ke6 1-0

[Event "XV Coppa"]
[Site "Sinnai ITA"]
[Date "2012.11.17"]
[Round "1"]
[White "Locci, Damiano"]
[Black "Dessy, Eugenio"]
[WhiteElo "2115"]
[BlackElo "1647"]
[Result "1-0"]
[PlyCount "65"]
[EventDate "2012.11.17"]

1. e4 e5 2. d4 exd4 3. Bc4 Nc6 4. Nf3 Bb4+ 5. c3 dxc3 6. O-O d6 7. a3 Ba5 8. b4
Bb6 9. Bg5 Nge7 10. Nxc3 O-O 11. b5 Na5 12. Nd5 Re8 13. Nxe7+ Rxe7 14. Ba2 Be6
15. Bxe6 fxe6 16. Rc1 a6 17. a4 axb5 18. axb5 c6 19. bxc6 bxc6 20. Ra1 Qc7 21.
Bxe7 Qxe7 22. Nd4 Rc8 23. Rb1 Bxd4 24. Qxd4 c5 25. Qa4 Nc6 26. Qa6 Qd7 27. Rb7
Rc7 28. Rxc7 Qxc7 29. Qa8+ Kf7 30. Rb1 Nb4 31. Ra1 Qc6 32. Ra7+ Kg6 33. Qf8 1-0

[Event "XV Coppa"]
[Site "Sinnai ITA"]
[Date "2012.11.17"]
[Round "1"]
[White "Mallo', Danilo"]
[Black "Giordano, Giulia"]
[WhiteElo "1888"]
[BlackElo "1619"]
[Result "1-0"]
[PlyCount "103"]
[EventDate "2012.11.17"]

1. Nf3 d5 2. d4 Nf6 3. c4 c5 4. cxd5 cxd4 5. Qxd4 Qxd5 6. Nc3 Qxd4 7. Nxd4 a6
8. g3 e5 9. Nf3 Nc6 10. Be3 Nb4 11. Rc1 Bf5 12. Nxe5 Nc2+ 13. Kd2 Rd8+ 14. Nd3
Nxe3 15. Kxe3 g5 16. f3 g4 17. f4 b5 18. Bg2 Rd6 19. b4 Bxd3 20. exd3 Re6+ 21.
Ne4 Nd5+ 22. Ke2 Nxb4 23. Rc8+ Kd7 24. Rhc1 Nc6 25. Ra8 f5 26. Kd1 fxe4 27.
Bxe4 Nb4 28. Bf5 h5 29. Rcc8 Ke7 30. Re8+ Kf6 31. Bxe6 Kg7 32. d4 Nc6 33. d5
Nd4 34. f5 Nf3 35. f6+ Kxf6 36. Rxf8+ Rxf8 37. Rxf8+ Ke7 38. Rf7+ Ke8 39. h3
Ng5 40. Rf4 Nxh3 41. Rf5 Ng1 42. Rxh5 Nf3 43. Bxg4 Nh2 44. Rxh2 b4 45. Rh7 a5
46. d6 b3 47. d7+ Kd8 48. Rh8+ Kc7 49. d8=Q+ Kb7 50. Rh6 bxa2 51. Qe7+ Ka8 52.
Rh8# 1-0

[Event "XV Coppa"]
[Site "Sinnai ITA"]
[Date "2012.11.17"]
[Round "1"]
[White "Melis, Alessio"]
[Black "Onnis, Luca"]
[WhiteElo "1344"]
[BlackElo "1653"]
[Result "0-1"]
[PlyCount "106"]
[EventDate "2012.11.17"]

1. e4 e5 2. Nf3 Nc6 3. Bc4 Be7 4. Nc3 Nf6 5. d3 d6 6. h3 O-O 7. Be3 Be6 8. Nd5
Na5 9. Nxe7+ Qxe7 10. Bxe6 fxe6 11. b4 Nc6 12. b5 Nd8 13. c4 Nd7 14. O-O Qe8
15. Nh4 Nf6 16. Qf3 c6 17. Qg3 cxb5 18. Bh6 Rf7 19. cxb5 Qxb5 20. Rab1 Qd7 21.
Bg5 Nc6 22. Nf3 Rc8 23. Rbc1 Nb4 24. Rxc8+ Qxc8 25. a3 Nxd3 26. Bxf6 Rxf6 27.
Rd1 Qc2 28. Rd2 Qc1+ 29. Kh2 Qxa3 30. Ne1 Qc1 31. Rxd3 Qxe1 32. Rxd6 Qxe4 33.
Rd8+ Rf8 34. Rd7 g6 35. f3 Qf4 36. Qxf4 Rxf4 37. Rxb7 Ra4 38. Rb8+ Kg7 39. Rb7+
Kh6 40. Re7 Ra6 41. Kg3 g5 42. h4 gxh4+ 43. Kxh4 Kg6 44. g4 h6 45. Re8 Rd6 46.
Rg8+ Kh7 47. Rb8 Rd2 48. Rb7+ Kg6 49. Rxa7 Rd3 50. Ra6 Kf7 51. Kh5 Rxf3 52.
Kxh6 e4 53. g5 Rh3# 0-1

[Event "XV Coppa"]
[Site "Sinnai ITA"]
[Date "2012.11.17"]
[Round "1"]
[White "Pitzanti, Matteo"]
[Black "Mereu, Matteo"]
[WhiteElo "1638"]
[BlackElo "1926"]
[Result "0-1"]
[PlyCount "132"]
[EventDate "2012.11.17"]

1. e4 e5 2. Nf3 d5 3. Qe2 dxe4 4. Qxe4 Bd6 5. Bc4 Nf6 6. Qe2 O-O 7. d3 Bg4 8.
Bg5 Nc6 9. c3 Re8 10. Nbd2 Be7 11. Bxf6 Bxf6 12. Ne4 Na5 13. Bb3 Nxb3 14. axb3
g6 15. O-O Bg7 16. h3 Bd7 17. Nfd2 Bc6 18. f3 f5 19. Ng3 Qh4 20. Nh1 b6 21. Qf2
Qd8 22. Qe2 a5 23. Nf2 Qd7 24. Rfd1 Rad8 25. Rac1 Bh6 26. Rc2 Qf7 27. b4 axb4
28. cxb4 Ba4 29. b3 Bxd2 30. Rdxd2 Bxb3 31. Rc3 Bd5 32. Rdc2 c6 33. Qe3 b5 34.
Qc5 Re6 35. Qb6 Red6 36. Ra3 Qe7 37. Ra7 R8d7 38. Rxd7 Rxd7 39. Rc5 Rb7 40. Qa6
Qc7 41. Qa8+ Rb8 42. Qa1 Rb7 43. Qc1 Ra7 44. Nd1 Qg7 45. Kh2 e4 46. dxe4 Qe5+
47. f4 Qxe4 48. Rc2 Ra1 49. Qxa1 Qxc2 50. Qa8+ Kg7 51. Qa7+ Kh6 52. Ne3 Qe4 53.
Nxd5 cxd5 54. Qf2 d4 55. Qd2 Qe3 56. Qxe3 dxe3 57. Kg3 g5 58. fxg5+ Kxg5 59.
h4+ Kh5 60. Kf3 f4 61. g3 e2 62. Kxe2 fxg3 63. Kf1 Kxh4 64. Kg1 Kg4 65. Kg2 h5
66. Kg1 h4 0-1

[Event "XV Coppa"]
[Site "Sinnai ITA"]
[Date "2012.11.17"]
[Round "1"]
[White "Serra, Emanuele"]
[Black "Pannella, Antonello"]
[WhiteElo "1858"]
[BlackElo "1536"]
[Result "1-0"]
[PlyCount "56"]
[EventDate "2012.11.17"]

1. c3 f5 2. Nf3 Nf6 3. d4 e6 4. g3 b6 5. Bg2 Bb7 6. O-O Be7 7. Nbd2 O-O 8. Nc4
Nc6 9. Nfd2 Nd5 10. e4 fxe4 11. Nxe4 Nf6 12. Ng5 h6 13. Nf3 Nd5 14. Ne3 Nxe3
15. Bxe3 Ba6 16. Re1 Rf6 17. d5 Na5 18. dxe6 Rxe6 19. Nd4 Rf6 20. Bxa8 Qxa8 21.
Bxh6 Qf8 22. Bg5 Rxf2 23. Bxe7 Qf7 24. Bg5 Bb7 25. Re8+ Kh7 26. Qd3+ g6 27. Re2
Qd5 28. Re7+ Kg8 1-0

[Event "XV Coppa"]
[Site "Sinnai ITA"]
[Date "2012.11.18"]
[Round "2"]
[White "Altea, Alessandro"]
[Black "Corona, Rafaele"]
[WhiteElo "1832"]
[BlackElo "1647"]
[Result "1/2-1/2"]
[PlyCount "85"]
[EventDate "2012.11.17"]

1. e4 d5 2. exd5 Nf6 3. c4 c6 4. d4 cxd5 5. Nc3 Nc6 6. Nf3 Bg4 7. cxd5 Nxd5 8.
Be2 e6 9. a3 Be7 10. O-O O-O 11. h3 Bh5 12. g4 Bg6 13. Bb5 Bd6 14. Re1 h6 15.
Ne4 Bxe4 16. Rxe4 a6 17. Bd3 Rc8 18. Bb1 Na5 19. Re1 Bf4 20. Qd3 g6 21. Bd2
Bxd2 22. Nxd2 Re8 23. Ne4 Nc4 24. b4 Qh4 25. Ba2 Nf4 26. Qg3 Qxg3+ 27. fxg3 Nd3
28. Re2 Red8 29. Nc5 Ndb2 30. Nxb7 Rxd4 31. Nc5 Rc6 32. Rb1 Rcd6 33. Kf2 Rd2
34. Bxc4 Nxc4 35. Rb3 Rxe2+ 36. Kxe2 Rd2+ 37. Ke1 Ra2 38. Nxa6 Nxa3 39. Nc5 Nb5
40. Ne4 Rc2 41. Kd1 Rg2 42. h4 Kg7 43. Kc1 1/2-1/2

[Event "XV Coppa"]
[Site "Sinnai ITA"]
[Date "2012.11.18"]
[Round "2"]
[White "Cuccu, Giovanni"]
[Black "Pannella, Maria Cristina"]
[WhiteElo "1428"]
[BlackElo "1449"]
[Result "1-0"]
[PlyCount "107"]
[EventDate "2012.11.17"]

1. e4 e6 2. Nc3 d5 3. exd5 exd5 4. d4 Nc6 5. Nf3 Bb4 6. Bd2 Nf6 7. Bb5 Bd7 8.
Qe2+ Ne7 9. a3 Bd6 10. Bg5 Rg8 11. O-O h6 12. Bxf6 gxf6 13. Nxd5 c6 14. Nxf6+
Kf8 15. Nxg8 Kxg8 16. Bd3 Qf8 17. Qe4 Qg7 18. Rfe1 Bf5 19. Qh4 Bxd3 20. cxd3
Nf5 21. Qe4 Ne7 22. Nh4 Ng6 23. Nf5 Qf8 24. Nxd6 Qxd6 25. Rac1 Qf4 26. Qxf4
Nxf4 27. Re3 Rd8 28. Rc4 Ne6 29. Re4 Rd5 30. b4 Nc7 31. Rc5 f5 32. Rxd5 Nxd5
33. Re6 Kg7 34. Rd6 Nf4 35. Rd7+ Kg6 36. Rxb7 Nxd3 37. Rxa7 Kf6 38. Ra6 Ke6 39.
Rxc6+ Kd5 40. Rxh6 Kxd4 41. b5 Kc5 42. b6 Ne5 43. b7 Nd7 44. Rh8 Kb5 45. b8=Q+
Nxb8 46. Rxb8+ Ka4 47. Kf1 Kxa3 48. Ke2 Ka4 49. Kd3 Ka5 50. Kc4 Ka6 51. Kc5 Ka7
52. Rb1 Ka6 53. f4 Ka5 54. Ra1# 1-0

[Event "XV Coppa"]
[Site "Sinnai ITA"]
[Date "2012.11.18"]
[Round "2"]
[White "Erriu, Giampiero"]
[Black "Mallo', Danilo"]
[WhiteElo "1704"]
[BlackElo "1888"]
[Result "1/2-1/2"]
[PlyCount "131"]
[EventDate "2012.11.17"]

1. c4 Nf6 2. Nc3 e6 3. g3 Nc6 4. Bg2 d6 5. d3 Bd7 6. Nf3 Be7 7. Rb1 a6 8. b4 b5
9. cxb5 axb5 10. O-O Qb8 11. a3 d5 12. e4 d4 13. Ne2 e5 14. Bb2 Bd6 15. Nh4 g5
16. Nf5 Ne7 17. Nxd6+ cxd6 18. Rc1 Ra7 19. f4 Ng4 20. Qd2 Ne3 21. Rf2 Rg8 22.
fxg5 Rc7 23. Rxc7 Qxc7 24. Nc1 Be6 25. Rf6 Rxg5 26. Ne2 Qa7 27. Bc1 Rg6 28. Rf2
Qa4 29. Qe1 Nc2 30. Qd2 Nxa3 31. Bxa3 Qxa3 32. Rf1 Nc6 33. Rb1 Kd7 34. Nc1 Na7
35. Qb2 Qxb2 36. Rxb2 f5 37. Rb1 Nc6 38. Ra1 fxe4 39. Bxe4 Rf6 40. Bxh7 d5 41.
Nb3 Nxb4 42. Nc5+ Kd6 43. Nxe6 Rxe6 44. Rb1 Kc5 45. h4 e4 46. dxe4 dxe4 47.
Rc1+ Kb6 48. Re1 e3 49. Kg2 Rf6 50. h5 Rf2+ 51. Kh3 e2 52. g4 Nd5 53. Kg3 Rf1
54. Rxe2 Rg1+ 55. Kf3 Ne3 56. Bf5 Nxf5 57. gxf5 Rg5 58. Re6+ Kc5 59. Ke4 Rxh5
60. f6 Rh4+ 61. Kf5 Rh1 62. f7 Rf1+ 63. Kg6 Rg1+ 64. Kh7 Rf1 65. Kg7 d3 66. Rf6
1/2-1/2

[Event "XV Coppa"]
[Site "Sinnai ITA"]
[Date "2012.11.18"]
[Round "2"]
[White "Mereu, Matteo"]
[Black "Murgia, Elio"]
[WhiteElo "1926"]
[BlackElo "1724"]
[Result "1-0"]
[PlyCount "37"]
[EventDate "2012.11.17"]

1. d4 Nf6 2. Nc3 e6 3. Bg5 c6 4. e4 Be7 5. Nf3 d6 6. Bd3 b6 7. Qe2 Qc7 8. e5
Ng8 9. Bxe7 Nxe7 10. Ne4 dxe5 11. dxe5 Ng6 12. Nd6+ Ke7 13. O-O-O Nd7 14. Bxg6
hxg6 15. Ng5 Rf8 16. Rhe1 Nc5 17. Qf3 f5 18. Nh7 Nd7 19. Qg3 1-0

[Event "XV Coppa"]
[Site "Sinnai ITA"]
[Date "2012.11.18"]
[Round "2"]
[White "Onnis, Luca"]
[Black "Lobina, Giulio"]
[WhiteElo "1653"]
[BlackElo "1823"]
[Result "1-0"]
[PlyCount "122"]
[EventDate "2012.11.17"]

1. d4 e6 2. e4 c5 3. c3 Nf6 4. Bg5 Be7 5. Nd2 cxd4 6. cxd4 Qb6 7. Nc4 Qc6 8. f3
Bb4+ 9. Bd2 Bxd2+ 10. Qxd2 O-O 11. h4 d5 12. Na5 Qc7 13. e5 Nh5 14. Nb3 Ng3 15.
Rh3 Nxf1 16. Kxf1 f5 17. h5 b6 18. Rg3 Ba6+ 19. Ne2 Bxe2+ 20. Kxe2 f4 21. Rg4
Qf7 22. Rh1 Nd7 23. Rhh4 Kh8 24. Rxf4 Qe7 25. Rxf8+ Rxf8 26. Rg4 Rf5 27. h6 g5
28. f4 gxf4 29. Rxf4 Qg5 30. Rxf5 Qxf5 31. Qe3 Nf8 32. Nd2 Ng6 33. Qf3 Nh4 34.
Qxf5 Nxf5 35. Nf3 Nxh6 36. Ng5 Nf5 37. Nxe6 Kg8 38. Kd3 Kf7 39. Nd8+ Ke8 40.
Ne6 Kf7 41. Nc7 Ne7 42. Nb5 a6 43. Nc7 h5 44. Ke3 a5 45. a3 Kg6 46. b4 axb4 47.
axb4 Kf5 48. Na8 Kg4 49. Kf2 Nc6 50. Nxb6 Nxd4 51. Nxd5 Kf5 52. Nc3 Kxe5 53. b5
Kf4 54. b6 Nc6 55. b7 Kg4 56. Na4 h4 57. Nc5 h3 58. gxh3+ Kxh3 59. Kf3 Kh4 60.
Ke4 Kg5 61. Kd5 Nb8 1-0

[Event "XV Coppa"]
[Site "Sinnai ITA"]
[Date "2012.11.18"]
[Round "2"]
[White "Pannella, Antonello"]
[Black "Altea, Luca"]
[WhiteElo "1536"]
[BlackElo "1374"]
[Result "1-0"]
[PlyCount "103"]
[EventDate "2012.11.17"]

1. c4 d5 2. cxd5 Qxd5 3. Nc3 Qd8 4. d3 g6 5. g3 Bg7 6. Qc2 Nf6 7. Bf4 O-O 8.
Nb5 Nc6 9. a3 Nd5 10. Bd2 Bd7 11. Bg2 Be8 12. Nf3 Ne5 13. Nc3 Bc6 14. e4 Nf6
15. Nxe5 Bd7 16. Nxd7 Qxd7 17. O-O Rad8 18. Be3 Qxd3 19. Qxd3 Rxd3 20. Rad1
Rdd8 21. Bf4 Rc8 22. Rd2 Nh5 23. Be3 b6 24. Rfd1 Nf6 25. Bg5 Rfe8 26. Bxf6 Bxf6
27. f4 Bxc3 28. bxc3 c5 29. Rd7 a5 30. Rb7 Rc6 31. e5 Rcc8 32. Rxb6 a4 33. Ra6
Red8 34. Rxd8+ Rxd8 35. Ra8 Rxa8 36. Bxa8 Kg7 37. Bc6 f6 38. exf6+ exf6 39.
Bxa4 g5 40. fxg5 fxg5 41. Bc6 h6 42. a4 Kg6 43. a5 h5 44. a6 g4 45. a7 Kg5 46.
a8=Q h4 47. Qd8+ Kh5 48. Be8+ Kh6 49. Qf6+ Kh7 50. Qg6+ Kh8 51. Bf7 c4 52. Qg8#
1-0

[Event "XV Coppa"]
[Site "Sinnai ITA"]
[Date "2012.11.18"]
[Round "2"]
[White "Pannella, Luigi"]
[Black "Melis, Alessio"]
[WhiteElo "1487"]
[BlackElo "1344"]
[Result "1/2-1/2"]
[PlyCount "66"]
[EventDate "2012.11.17"]

1. e4 e6 2. d4 d5 3. Nc3 Nf6 4. Bd3 Nc6 5. Nf3 Bb4 6. O-O Bxc3 7. bxc3 dxe4 8.
Bxe4 Nxe4 9. Qd3 Nf6 10. Bg5 h6 11. Bh4 O-O 12. Rfe1 b6 13. Ne5 Nxe5 14. dxe5
Qxd3 15. cxd3 Nd5 16. c4 Nb4 17. Red1 Ba6 18. Be7 Nc2 19. Rac1 Rfe8 20. Bh4 g5
21. Bg3 Nd4 22. Rd2 Rad8 23. h4 Nf5 24. hxg5 Nxg3 25. fxg3 hxg5 26. d4 Rd7 27.
c5 Red8 28. cxb6 axb6 29. Kh2 c5 30. Rb1 Rxd4 31. Rxd4 Rxd4 32. Rxb6 Bf1 33.
Rb1 Bd3 1/2-1/2

[Event "XV Coppa"]
[Site "Sinnai ITA"]
[Date "2012.11.18"]
[Round "2"]
[White "Toniolo, Massimo"]
[Black "Locci, Damiano"]
[WhiteElo "1738"]
[BlackElo "2115"]
[Result "0-1"]
[PlyCount "72"]
[EventDate "2012.11.17"]

1. e4 e5 2. Nf3 Nc6 3. Bc4 Nf6 4. Ng5 d5 5. exd5 b5 6. Bxb5 Qxd5 7. Bxc6+ Qxc6
8. O-O Bb7 9. Qf3 e4 10. Qe3 h6 11. Nf3 O-O-O 12. Nd4 Rxd4 13. Qxd4 e3 14. f3
e2 15. Qc3 Qb6+ 16. d4 exf1=Q+ 17. Kxf1 Bb4 18. Qd3 Ba6 19. c4 Qe6 20. Nd2 Re8
21. Kg1 Qe1+ 22. Nf1 Re2 23. Be3 Qxa1 24. Qxe2 Qxa2 25. Qc2 Qxc4 26. Qf5+ Kb8
27. Qb1 Qxf1+ 28. Qxf1 Bxf1 29. Kxf1 Nd5 30. Ke2 Nxe3 31. Kxe3 Kb7 32. Kd3 Kc6
33. Kc4 a5 34. h4 h5 35. g4 g6 36. d5+ Kd6 0-1

[Event "XV Coppa"]
[Site "Sinnai ITA"]
[Date "2012.11.18"]
[Round "3"]
[White "Arrigo, Andrea"]
[Black "Toniolo, Massimo"]
[WhiteElo "1546"]
[BlackElo "1738"]
[Result "1-0"]
[PlyCount "95"]
[EventDate "2012.11.17"]

1. Nf3 d5 2. c4 Nf6 3. d4 e6 4. Nc3 c5 5. Bg5 cxd4 6. Qxd4 Nc6 7. Qd2 Bb4 8.
cxd5 Qxd5 9. Bxf6 Qxd2+ 10. Nxd2 gxf6 11. Nce4 Ke7 12. a3 Ba5 13. b4 Bb6 14. e3
Bd7 15. Nc4 Bc7 16. Nc5 Bc8 17. Be2 b6 18. Nb3 b5 19. Ncd2 Be5 20. Ra2 a6 21.
Bf3 Bd7 22. Nc5 Ra7 23. Nxd7 Kxd7 24. O-O Rc7 25. Ne4 Ke7 26. Rc1 Na7 27. Rxc7+
Bxc7 28. Rd2 Rd8 29. Rc2 Bb6 30. Nc5 a5 31. bxa5 Bxa5 32. Nb7 Rd2 33. Rxd2 Bxd2
34. Bd1 Kd7 35. Nc5+ Ke7 36. Kf1 f5 37. Ke2 Bc1 38. a4 b4 39. Kd3 Nc6 40. Kc4
Ba3 41. Nd3 Kd6 42. Bf3 Ne5+ 43. Nxe5 Kxe5 44. a5 Kd6 45. a6 b3 46. a7 b2 47.
a8=Q b1=Q 48. Qd8+ 1-0

[Event "XV Coppa"]
[Site "Sinnai ITA"]
[Date "2012.11.18"]
[Round "3"]
[White "Boi, Fausto"]
[Black "Mereu, Matteo"]
[WhiteElo "1774"]
[BlackElo "1926"]
[Result "0-1"]
[PlyCount "50"]
[EventDate "2012.11.17"]

1. e4 Nc6 2. Ne2 Nf6 3. d3 d5 4. f3 e5 5. Bg5 Be6 6. Nd2 h6 7. Be3 Qd7 8. c3
Be7 9. Qc2 O-O-O 10. d4 Kb8 11. h3 Rhe8 12. dxe5 Nxe5 13. f4 Nxe4 14. Nxe4 Nc4
15. Bxa7+ Kxa7 16. Nf2 Bh4 17. Qd3 Bf5 18. Qd4+ c5 19. Qxc5+ b6 20. Qd4 Ne3 21.
Qxg7 Nc2+ 22. Kd1 Bxf2 23. Rc1 Ne3+ 24. Kd2 Qe7 25. Qe5 Nc4+ 0-1

[Event "XV Coppa"]
[Site "Sinnai ITA"]
[Date "2012.11.18"]
[Round "3"]
[White "Carucci, Bruno"]
[Black "Palmieri, Roberto"]
[WhiteElo "1520"]
[BlackElo "1865"]
[Result "0-1"]
[PlyCount "88"]
[EventDate "2012.11.17"]

1. d4 d5 2. c4 c6 3. Nc3 Nf6 4. e3 g6 5. Nf3 Bg7 6. cxd5 cxd5 7. Bb5+ Bd7 8.
O-O O-O 9. Re1 Nc6 10. Qb3 e6 11. Bxc6 Bxc6 12. Ne5 Qc7 13. Bd2 Nd7 14. Nxc6
bxc6 15. Na4 Rab8 16. Qc2 Rb7 17. Rac1 Rc8 18. b4 Bf8 19. a3 Bd6 20. f4 Nf6 21.
Nc5 Bxc5 22. Qxc5 Ne4 23. Qc2 Qe7 24. Re2 a5 25. Qa4 Nxd2 26. Rxd2 axb4 27.
axb4 Qxb4 28. Qc2 Qa3 29. Qd1 Qxe3+ 30. Kh1 Qxf4 31. Rdc2 Rb6 32. Qd3 Ra8 33.
Rf1 Ra3 34. Qd1 Qd6 35. Rcf2 Ra7 36. Qf3 Rbb7 37. Qf6 Qe7 38. Qe5 Qf8 39. Rf6
Qg7 40. Qd6 Qxf6 41. Kg1 Qxd4+ 42. Kh1 Ra1 43. Qd8+ Kg7 44. Qf6+ Qxf6 0-1

[Event "XV Coppa"]
[Site "Sinnai ITA"]
[Date "2012.11.18"]
[Round "3"]
[White "Corona, Rafaele"]
[Black "Erriu, Giampiero"]
[WhiteElo "1647"]
[BlackElo "1704"]
[Result "0-1"]
[PlyCount "76"]
[EventDate "2012.11.17"]

1. d4 Nf6 2. e3 b6 3. Nf3 Bb7 4. Bd3 e6 5. c4 c5 6. Nc3 cxd4 7. exd4 Be7 8. Bf4
O-O 9. O-O d6 10. Re1 Nbd7 11. Qe2 Nh5 12. Be3 g6 13. Be4 Bxe4 14. Nxe4 Ndf6
15. Bh6 Re8 16. h3 Bf8 17. Bg5 Be7 18. Bh6 Bf8 19. Bxf8 Rxf8 20. Rad1 Rc8 21.
b3 Rc7 22. Nfg5 Nxe4 23. Nxe4 Re8 24. c5 bxc5 25. dxc5 d5 26. Nd6 Ree7 27. b4
a5 28. a3 axb4 29. axb4 e5 30. Qc2 d4 31. b5 Re6 32. b6 Rc6 33. Ne4 Qc8 34. Qa4
Nf4 35. Qa7 Re8 36. Nd6 Rxd6 37. cxd6 Qc6 38. f3 Qc2 0-1

[Event "XV Coppa"]
[Site "Sinnai ITA"]
[Date "2012.11.18"]
[Round "3"]
[White "Lobina, Giulio"]
[Black "Depau, Alessandro"]
[WhiteElo "1823"]
[BlackElo "1686"]
[Result "1-0"]
[PlyCount "113"]
[EventDate "2012.11.17"]

1. b4 f6 2. e3 e5 3. b5 a6 4. c4 Bc5 5. Bb2 axb5 6. cxb5 b6 7. Nc3 Bb7 8. Nf3
Ne7 9. Be2 Ng6 10. O-O O-O 11. d4 exd4 12. exd4 Ba3 13. Qb3+ Kh8 14. Bxa3 Re8
15. Bc1 d6 16. a4 Qc8 17. Be3 Nd7 18. Nd5 Ndf8 19. Rfc1 Bxd5 20. Qxd5 Nf4 21.
Bxf4 Rxe2 22. Re1 Rxe1+ 23. Nxe1 Ng6 24. Be3 Ra7 25. Nd3 Qg4 26. Qf3 Qd7 27.
Qc6 Qf7 28. Nf4 Nh4 29. g3 Nf5 30. Qd5 Qd7 31. Qe6 Qxe6 32. Nxe6 Kg8 33. Kf1
Kf7 34. Nd8+ Kg6 35. g4 Nh4 36. Ke2 f5 37. gxf5+ Kxf5 38. Nc6 Ra8 39. a5 bxa5
40. Rxa5 Rxa5 41. Nxa5 h6 42. Nc4 Ke6 43. Kd3 Kd5 44. Bc1 Nf3 45. Ne3+ Ke6 46.
d5+ Kd7 47. Nf5 Nxh2 48. Nxg7 Ng4 49. f3 Ne5+ 50. Ke4 Nf7 51. Kf5 Ne5 52. f4
Nd3 53. Ba3 Kc8 54. Ne6 Kb7 55. Kg6 Nxf4+ 56. Nxf4 Kb6 57. Ne6 1-0

[Event "XV Coppa"]
[Site "Sinnai ITA"]
[Date "2012.11.18"]
[Round "3"]
[White "Locci, Damiano"]
[Black "Giannoni, Federico"]
[WhiteElo "2115"]
[BlackElo "1820"]
[Result "1-0"]
[PlyCount "65"]
[EventDate "2012.11.17"]

1. c4 c5 2. Nf3 Nc6 3. d4 cxd4 4. Nxd4 Nf6 5. Nc3 e6 6. Ndb5 d6 7. e4 a6 8. Na3
Be7 9. g3 O-O 10. Bg2 Qc7 11. O-O b6 12. Be3 Bb7 13. Rc1 Ne5 14. h3 Rac8 15. f4
Ned7 16. b4 Qb8 17. Qe2 Rfe8 18. g4 Qa8 19. Bd2 d5 20. Nc2 Nxe4 21. Nxe4 dxe4
22. Ne3 Red8 23. Bc3 Qb8 24. g5 Bd6 25. Qg4 Nf8 26. f5 Bh2+ 27. Kh1 Qg3 28.
fxe6 fxe6 29. Qh5 Ng6 30. Ng4 Nf4 31. Rxf4 Qxf4 32. Rf1 Qc7 33. g6 1-0

[Event "XV Coppa"]
[Site "Sinnai ITA"]
[Date "2012.11.18"]
[Round "3"]
[White "Mallo', Danilo"]
[Black "Onnis, Luca"]
[WhiteElo "1888"]
[BlackElo "1653"]
[Result "1-0"]
[PlyCount "99"]
[EventDate "2012.11.17"]

1. Nf3 d5 2. d4 Nc6 3. c4 e6 4. Nc3 Nf6 5. e3 Bb4 6. Bd2 O-O 7. Bd3 Re8 8. Qc2
Bd7 9. Ne5 h6 10. f3 Rc8 11. g4 Bd6 12. Nxc6 Bxc6 13. c5 Bf8 14. Rg1 Nd7 15.
O-O-O b6 16. Ba6 Rb8 17. b4 bxc5 18. bxc5 Bb7 19. Bb5 Ba8 20. Qa4 Re7 21. Be1
Qc8 22. Qxa7 Re8 23. Bg3 Be7 24. Qxc7 Rd8 25. Qxc8 Rbxc8 26. Bxd7 Rxd7 27. a4
Ra7 28. Kb2 Bd8 29. Ra1 Bc6 30. Ra2 Ba5 31. Rga1 Rca8 32. Nb5 Rb7 33. Kc2 Bd8
34. Be1 Bc7 35. Nxc7 Rxc7 36. a5 Bb5 37. f4 Be2 38. g5 h5 39. Rb2 Ba6 40. Rb6
Rb7 41. Rxb7 Bxb7 42. Rb1 Ba6 43. Rb6 Bc4 44. Kb2 Ra7 45. Ka3 Kh7 46. Kb4 Ba6
47. c6 Kg8 48. Kc5 Kf8 49. Kd6 Bc8 50. Rb8 1-0

[Event "XV Coppa"]
[Site "Sinnai ITA"]
[Date "2012.11.18"]
[Round "3"]
[White "Melis, Alessio"]
[Black "Cuccu, Giovanni"]
[WhiteElo "1344"]
[BlackElo "1428"]
[Result "0-1"]
[PlyCount "66"]
[EventDate "2012.11.17"]

1. e4 d5 2. exd5 Nf6 3. Bc4 Nxd5 4. Bxd5 Qxd5 5. Nc3 Qxg2 6. Qf3 Qxf3 7. Nxf3
Bf5 8. Nb5 Na6 9. d3 e6 10. Bf4 c6 11. Bd6 cxb5 12. Bxf8 Kxf8 13. O-O-O Bg4 14.
Rhg1 Bxf3 15. Rde1 Bd5 16. a3 b4 17. axb4 Nxb4 18. c4 Rc8 19. b3 Nxd3+ 20. Kd2
Nxe1 21. Rxe1 Bxc4 22. bxc4 Rxc4 23. Re2 Rh4 24. f3 Rh3 25. Rf2 Ke7 26. Ke3 Rd8
27. Ke2 a5 28. Kf1 Rd1+ 29. Ke2 Rh1 30. Ke3 R1xh2 31. Rxh2 Rxh2 32. Kd4 a4 33.
Kc5 a3 0-1